Đạo đức môi trường ở nước ta : Lý luận và thực tiễn

Khi nói đến đạo đức môi trường trước hết là nói tới những hành vi ứng xử của con người đối với môi trường. Bởi vì, đạo đức của con người phải được thể hiện qua hành vi cụ thể hàng ngày của con người. Những suy nghĩ, tình cảm và...

ver descrição completa

Na minha lista:
Detalhes bibliográficos
Autor principal: Vũ, Dũng
Formato: Livro
Idioma:Undetermined
Publicado em: Hà Nội Từ điển Bách Khoa 2011
Assuntos:
Tags: Adicionar Tag
Sem tags, seja o primeiro a adicionar uma tag!
Thư viện lưu trữ: Trung tâm Học liệu Trường Đại học Cần Thơ
LEADER 01624nam a2200241Ia 4500
001 CTU_174943
008 210402s9999 xx 000 0 und d
020 |c 68000 
082 |a 179.1 
082 |b D513 
100 |a Vũ, Dũng 
245 0 |a Đạo đức môi trường ở nước ta : 
245 0 |b Lý luận và thực tiễn 
245 0 |c Vũ Dũng 
260 |a Hà Nội 
260 |b Từ điển Bách Khoa 
260 |c 2011 
520 |a Khi nói đến đạo đức môi trường trước hết là nói tới những hành vi ứng xử của con người đối với môi trường. Bởi vì, đạo đức của con người phải được thể hiện qua hành vi cụ thể hàng ngày của con người. Những suy nghĩ, tình cảm và thái độ mang tính đạo đức của con người phải thể hiện qua các hành vi cụ thể thì chúng ta mới nhận biết và đánh giá được. Do vậy, chủ đề nghiên cứu của quyển sách là nghiên cứu đạo đức môi trường là nghiên cứu hành vi ứng xử của con người đối với môi trường. 
650 |a Environmental ethics,Conservation of natural resources,Đạo đức môi trường,Bảo tồn nguồn tài nguyên thiên nhiên 
650 |x Moral and religious aspects 
650 |z Vietnam,Việt Nam 
904 |i Trọng Hiếu 
980 |a Trung tâm Học liệu Trường Đại học Cần Thơ